<?xml version="1.0" encoding="UTF-8"?>
<collection xmlns="http://www.loc.gov/MARC21/slim">
  <record>
    <leader>00000nam  2200000   4500</leader>
    <controlfield tag="001">INLIS000000000017040</controlfield>
    <controlfield tag="005">20240528024458</controlfield>
    <datafield tag="035" ind1="#" ind2="#">
      <subfield code="a">0010-0524000066</subfield>
    </datafield>
    <controlfield tag="007">ta</controlfield>
    <controlfield tag="008">240528################|##########|#|##</controlfield>
    <datafield tag="084" ind1="#" ind2="#">
      <subfield code="a">R 019 PIM I 2023</subfield>
    </datafield>
    <datafield tag="100" ind1=" " ind2="#">
      <subfield code="a">Lintong Dianto Putra</subfield>
    </datafield>
    <datafield tag="245" ind1="1" ind2="#">
      <subfield code="a">Penguatan Kerjasama Kolaboratif Pemerintah Daerah/Kementerian/Lembaga Melalui Sistem Informasi Kerjasama Daerah Dalam Pemanfaatan Barang Milik Daerah (BMD) /</subfield>
      <subfield code="c">Lintong Dianto Putra</subfield>
    </datafield>
    <datafield tag="260" ind1="#" ind2="#">
      <subfield code="a">Jakarta :</subfield>
      <subfield code="b">Pusbangkom Pimnas dan Manajerial ASN,</subfield>
      <subfield code="c">2023</subfield>
    </datafield>
    <datafield tag="300" ind1="#" ind2="#">
      <subfield code="a">198 halaman :</subfield>
      <subfield code="b">ilus ;</subfield>
      <subfield code="c">30 cm</subfield>
    </datafield>
    <datafield tag="650" ind1="#" ind2="4">
      <subfield code="a">Informasi Kerjasama Daerah</subfield>
    </datafield>
    <datafield tag="650" ind1="#" ind2="4">
      <subfield code="a">Barang Milik Daerah</subfield>
    </datafield>
    <datafield tag="520" ind1="#" ind2="#">
      <subfield code="a">Digitalisasi pemerintahan yang telah kami sampaikan diatas dalam rancangan proyek perubahan ini berkaitan dengan Sistem Informasi Kerjasama Daerah. Pentingnya system atau aplikasi ini adalah untuk lebih mempermudah dan terintegrasinya secara digitalisasi semua proses kerjasama daerah secara umum yang mencakup kerjasama Daerah dengan Daerah lain (KSDD), kerjasama Daerah dengan pihak ketiga (KSDPK), Kerjasama Daerah dengan Pemerintah Daerah Diluar Negeri (KSDPL) dan Kerjasama Daerah dengan Lembaha Luar Negeri (KSDLL) dan secara khusus dalam implementasi proyek perubahan ini adalah mengulas kerjasama pemanfaatan barang milik daerah (BMD). Kerjasama Daerah secara umum terjadi karena beberapa hal diantaranya adanya saling ketergantungan aktivitas ekonomi, perbedaan dalam kepemilikan sumber daya, kebutuhan spesialisasi dengan maksud meningkatkan nilai tambah suatu daerah, serta karena kondisi dan karakteristik dan geografis yang berbeda.</subfield>
    </datafield>
    <datafield tag="856" ind1="#" ind2="#">
      <subfield code="a">Perpustakaan LAN Pusat</subfield>
    </datafield>
    <datafield tag="990" ind1="#" ind2="#">
      <subfield code="a">24.05.019</subfield>
    </datafield>
  </record>
</collection>
